The Nidulariaceae of North America, (Record no. 13862)

MARC details
000 -LEADER
fixed length control field 00852cam a22002651 4500
001 - CONTROL NUMBER
control field ca 09000057
003 - CONTROL NUMBER IDENTIFIER
control field DLC
005 - DATE AND TIME OF LATEST TRANSACTION
control field 20260227111048.0
008 - FIXED-LENGTH DATA ELEMENTS--GENERAL INFORMATION
fixed length control field 920519r19021902nyuf 000 0 eng
010 ## - LIBRARY OF CONGRESS CONTROL NUMBER
LC control number ca 09000057
035 ## - SYSTEM CONTROL NUMBER
System control number (OCoLC)25840926
040 ## - CATALOGING SOURCE
Original cataloging agency DLC
Transcribing agency CSt
Modifying agency CSt
-- DLC
042 ## - AUTHENTICATION CODE
Authentication code premarc
050 00 - LIBRARY OF CONGRESS CALL NUMBER
Classification number QK1
Item number .N515 no. 24
100 1# - MAIN ENTRY--PERSONAL NAME
Personal name White, Violetta S.
245 04 - TITLE STATEMENT
Title The Nidulariaceae of North America,
Statement of responsibility, etc. by V.S. White.
260 ## - PUBLICATION, DISTRIBUTION, ETC.
Place of publication, distribution, etc. New York,
Date of publication, distribution, etc. 1902.
300 ## - PHYSICAL DESCRIPTION
Extent 251-280 p.
Other physical details 14-18 pl.
Dimensions 24 cm.
490 1# - SERIES STATEMENT
Series statement Contributions from the New York Botanical Garden.
Volume/sequential designation no. 24
500 ## - GENERAL NOTE
General note Cover-title.
500 ## - GENERAL NOTE
General note Reprinted from the Bulletin of the Torrey Botanical Club, 29. May 26, 1902.
650 #0 - SUBJECT ADDED ENTRY--TOPICAL TERM
Topical term or geographic name entry element Nidulariaceae.
650 #0 - SUBJECT ADDED ENTRY--TOPICAL TERM
Topical term or geographic name entry element Fungi
Geographic subdivision North America.
830 #0 - SERIES ADDED ENTRY--UNIFORM TITLE
Uniform title Contributions from the New York Botanical Garden.
Volume/sequential designation v. 24.

No items available.

Powered by Koha